Materials Required in Structures for Protection Against Nuclear Radiation (Record no. 551148)
[ view plain ]
| 000 -LEADER | |
|---|---|
| fixed length control field | 00387nam a22001457a 4500 |
| 082 ## - DEWEY DECIMAL CLASSIFICATION NUMBER | |
| Classification number | P-414 |
| 100 ## - MAIN ENTRY--PERSONAL NAME | |
| Personal name | Atif Afridi |
| 9 (RLIN) | 48111 |
| 245 ## - TITLE STATEMENT | |
| Title | Materials Required in Structures for Protection Against Nuclear Radiation |
| 260 ## - PUBLICATION, DISTRIBUTION, ETC. | |
| Place of publication, distribution, etc. | Risalpur Cantt |
| Name of publisher, distributor, etc. | MCE |
| 300 ## - PHYSICAL DESCRIPTION | |
| Extent | P 180 |
| 526 ## - STUDY PROGRAM INFORMATION NOTE | |
| Program name | 0 |
| Interest level | 0 |
| Reading level | 0 |
| Title point value | P_414 |
| 650 ## - SUBJECT ADDED ENTRY--TOPICAL TERM | |
| Topical term or geographic name entry element | Project |
| 700 ## - ADDED ENTRY--PERSONAL NAME | |
| Personal name | Faisal Mubarak Shabbir |
| 9 (RLIN) | 48112 |
| 942 ## - ADDED ENTRY ELEMENTS (KOHA) | |
| Source of classification or shelving scheme | |
| Koha item type | Book |
| Withdrawn status | Lost status | Source of classification or shelving scheme | Damaged status | Not for loan | Permanent Location | Current Location | Date acquired | Total Checkouts | Full call number | Barcode | Date last seen | Date last checked out | Price effective from | Koha item type | Public note |
|---|---|---|---|---|---|---|---|---|---|---|---|---|---|---|---|
| Military College of Engineering (MCE) | Military College of Engineering (MCE) | 12/03/2014 | 2 | P-414 | MCE-P-414 | 06/11/2015 | 02/27/2015 | 03/14/2021 | Book | Project |
